Loading...
| Fine Arts - Classical Music | 3 | 10.00 | 4,267% | 300% | 0% |
| Fine Arts - Other | 5 | 10.00 | 3,880% | 0% | 340% |
| Fine Arts - Painting & Sculpture | 2 | 15.00 | 4,050% | 450% | 450% |
| History - American | 5 | 8.00 | 2,600% | 320% | 0% |
| History - European | 6 | 10.00 | 3,233% | 133% | 283% |
| History - Other | 4 | 15.00 | 2,025% | 425% | 650% |
| History - World | 2 | 5.00 | 2,450% | 0% | 0% |
| Literature - American | 5 | 8.00 | 2,900% | 0% | 340% |
| Literature - British | 4 | 7.50 | 3,250% | 225% | 0% |
| Literature - European | 2 | 5.00 | 0% | 400% | 0% |
| Literature - World | 5 | 12.00 | 5,500% | 160% | 160% |
| Mythology | 3 | 6.67 | 2,133% | 0% | 233% |
| Other | 5 | 12.00 | 3,240% | 480% | 140% |
| Philosophy | 1 | 10.00 | 8,100% | 0% | 0% |
| Religion | 3 | 6.67 | 0% | 267% | 233% |
| Science - Biology | 6 | 11.67 | 4,300% | 133% | 300% |
| Science - Chemistry | 3 | 13.33 | 2,700% | 867% | 0% |
| Science - Other | 3 | 10.00 | 2,700% | 0% | 567% |
| Science - Physics | 5 | 10.00 | 1,620% | 160% | 520% |
| Social Science | 3 | 10.00 | 2,700% | 533% | 0% |